Global apartheid : refugees, racism and the new world order

Saved in:
Bibliographic Details
Main Author: Richmond, Anthony H. 1925-
Format: Book
Language:English
Published: Toronto : Oxford University Press, c1994
Subjects:
Tags: Add Tag
No Tags, Be the first to tag this record!

MARC

LEADER 00000nam a2200000 i 4500
001 1/94707
008 991130s1994 eng d
020 |a 0-19-541013-0 
035 |l 10054947 
040 |a GR-MY-UA  |b gre  |e aacr 
041 0 |a eng 
082 0 |a 304.82 
100 1 |a Richmond, Anthony H.  |d 1925- 
245 1 0 |a Global apartheid :  |b refugees, racism and the new world order /  |c Anthony H. Richmond 
260 |a Toronto :   |b Oxford University Press,   |c c1994 
300 |a 327 p. 
504 |a Includes bibliographical references and index 
650 0 0 |a Emigration and immigration  |x Government policy. 
650 0 0 |a Emigration and immigration  |x Social aspects. 
650 0 0 |a Refugees  |x Government policy. 
650 0 0 |a Ethnic relations. 
650 0 0 |a Nationalism. 
852 |a INST  |b LESVOS  |e 19991130  |h 304.82 RIC  |p 005100022253  |q 005100022253  |t BK  |y 0 
901 |a BIBL1-2000-1 
909 |a Λ  |b 069785 
922 |a 1ΕΛΗ  |b 199910  |c ΚΠΣ/ΤΚ  |d ΠΑΠΑΣΩΤΗΡΙΟΥ 
950 |a 103-1998-07-27 
970 |a ΤΖΑΦΕΡΗ  |b ΕΥΑΓΓΕΛΙΑ  |z 2000/01/14